000 00767nam a2200193 i 4500
001 bg
245 0 _aPrawno-ekonomiczne podstawy przekształceń własnościowych polskiej gospodarki.
_nCz.2,
_pAkty prawne /
_cMiędzyresortowy Zespół do Spraw Koordynacji Wdrażania Programu Prywatyzacji.
260 _aWarszawa,
_c1993.
300 _a23 s. ;
_c20 cm.
650 9 _aPrywatyzacja
_xgospodarka
_xprawo
_zPolska
710 _aMinisterstwo Pracy i Polityki Socjalnej
710 _aMinisterstwo Przekształceń Własnościowych
710 _aMiędzynarodowa Fundacja Rozwoju Rynku Kapitałowego i Przekształceń Własnościowych
040 _cBPK
041 _apl
080 _a346:338.246.025.88](438)
942 _cKS
008 s pl f |000 0 pol
999 _c35318
_d35318
856 _uhttp://koha.tu.koszalin.pl/cgi-bin/koha/opac-detail.pl?biblionumber=35318
_yKatalog online BPK